=LDR 00000nam 2200000 4500 =001 $a INLIS000000000008521 =005 $a 20260625092651 =008 $a 260625################g##########0#ind## =022 ##$$a - =035 ##$$a 0010-0626000148 =082 ##$$a 658.56 =084 ##$$a 658.56 GRA p =100 #$$a Grant, Eugene L. =245 ##$$a pengendalian mutu statistis $b edisi keenam jilid 1 $c Eugene L. Grant, Richard S. Leavenworth; alih bahasa, Hudaya Kandahjaya =247 ##$$a =260 ##$$a Jakarta $b Erlangga $c 1989 =300 ##$$a xvi; 482 hlm. $b ilus. $c 22,5 cm. $e =310 ##$$a =321 ##$$a =520 #$$a =650 #$$a Statistik =700 #$$a Hudaya Kandahjaya =700 #$$a Leavenworth, Richard S. =856 ##$$a =Wor $a 1